Normal view MARC view
  • Schlondorff Volker

Entry Personal Name

Number of records used in: 1

001 - CONTROL NUMBER

  • control field: 42843

003 - CONTROL NUMBER IDENTIFIER

  • control field: IT-RoPau

005 - DATE AND TIME OF LATEST TRANSACTION

  • control field: 20151127092712.0

008 - FIXED-LENGTH DATA ELEMENTS

  • fixed length control field: 151127|| aca||aabn | a|a d

040 ## - CATALOGING SOURCE

  • Original cataloging agency: IT-RoPau
  • Transcribing agency: IT-RoPau

100 ## - HEADING--PERSONAL NAME

  • Personal name: Schlondorff Volker
  • Relator term: (regista)
  • Miscellaneous information: Codice regista SPICS: 11222

670 ## - SOURCE DATA FOUND

  • Source citation: Work cat.: (IT-RoPau)105693: Schlondorff Volker Codice regista SPICS: 11222 42840, TAMBURO DI LATTA (IL) TAMBURO DI LATTA (IL) (Rif. Codice opera principale : 26220)
CREDITS: SOCIETA' SAN PAOLO Via A.Severo, 58 - ROMA (RM) & PERIODICI SAN PAOLO SRL Via Giotto, 36 MILANO & CISF Via Giotto, 36 MILANO & EDIZIONI SAN PAOLO SRL,  Piazza Soncino, 5 CINISELLO BALSAMO (MI) -- ITALY